| 000 | 00880 a2200265 4500 | ||
|---|---|---|---|
| 999 |
_c1720 _d1720 |
||
| 020 | _a9781847420381 (hardcover) | ||
| 020 | _a1847420389 (hardcover) | ||
| 020 | _a9781847420374 (pbk.) | ||
| 020 | _a1847420370 (pbk.) | ||
| 050 | 0 | 0 | _aHV40 DON 2009 |
| 100 | 1 |
_aDonnison, David, _d1926-2018. |
|
| 245 | 1 | 0 |
_aSpeaking to power : _badvocacy for health and social care / _cDavid Donnison. |
| 264 |
_aBristol _bThe Policy Press _c2009 |
||
| 300 | _aviii, 165 p. ; | ||
| 500 | _aSocial Care | ||
| 504 | _aIncludes bibliographical references and index. | ||
| 650 | 1 | 2 | _aPatient Advocacy. |
| 650 | 1 | 2 | _aSocial Work, Psychiatric. |
| 650 | 2 | 2 | _aLearning Disorders. |
| 650 | 2 | 2 | _aMentally Disabled Persons. |
| 650 | 0 | _aSocial advocacy. | |
| 942 |
_2lcc _cBK _h40 _iDON _kHV |
||